000 00564nam a2200205Ia 4500
001 15576
003 GE_BSU
008 181216s||||||||xx |||||||||||||| ||und||
040 _cGE_BSU
080 _a821.353.1-32
100 _aწვერავა, ს.
245 _aმოთხრობები
245 _cრედ. ი.გავაშელაშვილი
260 _aთბილისი
260 _bფედერაცია
260 _c1940
300 _a220გვ.17სმ.
653 _aმოთხრობები
942 _cBK
999 _c48676
_d48676